Представление документа в формате RUSMARC

ПолеНазваниеЗначение
  Тип записи a
  Библиографический уровень a
001 Контрольный номер RU/УОНБ/EK_Kray/469306199
005 Дата корректировки 20240131005017.3
100 Данные общей обработки __
a Данные общей обработки 20141114d2014 ||| 0rusy0189 ca
101 Язык документа 0_
a Язык текста rus
102 Страна публикации __
a Страна публикации RU
105 Кодированные данные (монография) __
a Кодированные данные (монография) y###||||000|y
200 Заглавие и сведения об ответственности 1_
a Заглавие Иллюстрации страсти
e Сведения, относящиеся к заглавию Ульяновский музей достал из архивов подлинного Пикассо
f Первые сведения об ответственности Анастасия Гайнутдинова
215 Физическое описание __
c Иллюстрации/тип воспроизводства 1 фот.
330 Аннотация __
a Аннотация В Ульяновском областном художественном музее открылась выставка "Рапсодия страсти". Совместно с музеем в проекте приняла участие московская компания "Артгит".
461 Уровень набора _0
1 2000
a Ульяновская правда
1 011
463 Уровень физической единицы _0
1 001RU/УОНБ/EK_Kray/469297456
1 2000
a 3 июня
v С. 16.
1 210
d 2014
601 Наименование организации как предмет 02
a Наименование организации как предмет Ульяновский областной художественный музей
610 Ключевые слова 0_
a Ключевые слова художественные музеи
610 Ключевые слова 0_
a Ключевые слова художественные выставки
686 Индексы других классификаций __
a Классификационный индекс 85.101.14
2 Код системы rubbk
700 Автор _1
a Фамилия Гайнутдинова
b Имя (инициалы) А.
g Полное личное имя Анастасия
4 Код отношения 070
801 Источник записи _0
a Страна RU
b Организация Ульяновская ОНБ
c Дата составления 20141114
g Правила каталогизации RCR
801 Источник записи _1
a Страна RU
b Организация Ульяновская ОНБ
c Дата составления 20141114
g Правила каталогизации RCR
901 Тип документа __
t Тип документа b
w Контрольный № источника RU/УОНБ/EK_Kray/469297456
909 Создатель записи __
a Создатель записи Морозова Н.А.
938 Служебная информация __
a Имя БД kraeved_work
b Имя библиотеки УОНБ
c Имя АИБС МАРК-SQL
d Номер DOC_ID в БД 107993